000 01546cam a2200325 i 4500
003 SA-RiAUC
005 20250915065632.0
008 250910s1991 le g b 000 0 ara c
024 0 _a33000000001898
024 0 _a77000000005768
040 _aAE-AiULD
_bara
_cSA-RiAUC
_erda
082 0 4 _a255
_qSA-RiAUC
090 _a255
_bم ص ن
100 1 _aمصنفك، علي بن محمد بن مسعود،
_d875-803 هجري
_eمؤلف.
245 1 2 _aالحدود والأحكام الفقهية /
_cللإمام علي بن مجد الدين بن الشاهرودي البسطامي الشهير بمصنفك ؛ تحقيق وتعليق عادل أحمد عبد الموجود، علي محمد معوض.
250 _aالطبعة الأولى.
264 1 _aبيروت :
_bدار الكتب العلمية،
_c1991.
300 _a126 صفحة ؛
_c24 سم
336 _aنص
_btxt
_2rdacontent
_3كتاب
337 _aبدون وسيط
_bn
_2rdamedia
338 _aمجلد
_bnc
_2rdacarrier
504 _aيشتمل على إرجاعات ببليوجرافية.
504 _aيشتمل على ببليوجرافية.
650 7 _aالحدود (شريعة إسلامية)
_2aucsh
700 1 _aعبد الموجود، عادل أحمد
_eمحقق.
700 1 _aمعوض، علي محمد
_eمحقق.
700 1 2 _iتحقيق لـ (عمل) :
_aمصنفك، علي بن محمد بن مسعود،
_d875-803 هجري.
_tالحدود والأحكام الفقهية.
942 _2ddc
_cBOOK
_n0
949 _aSA-JeALM
_d250910
_umohamedma123
_n1
999 _c11749
_d11749